000 01088njm a22002537a 4500
005 2010090105355.0
007 sd ammalaaahaa
008 100901t xxu||||| |||| 00| 0 hin d
028 _aGE. 23921
_bColumbia
028 _aCEI. 61446
_bColumbia
028 _aCEI. 61447
_bColumbia
040 _aSED/VEN
100 _aShipley, Van
_917866
245 _aElectric gitar tarj-mera dil yeh pukare Part 1 /
_cby Van Shipley
_h[sound recording] :
246 _aइलेक्ट्रिक गिटार तर्ज -मेरा दिल यह पुकारे पार्ट १
260 _aDum Dum, India
_bColumbia
300 _a1 sound Disc :
_banalog, 33 1/3 rpm
_c10 in
500 _aBrief record
505 _aElectric gitar tarj-man dole tan dole (इलेक्ट्रिक गिटार तर्ज -मन डोले तन डोले ) पार्ट २
650 _aClassical music
_xExcerpts
_zIndia
_917867
700 _aAlladia Khan
_917868
942 _2ddc
_cGR
999 _c43331
_d43331